Pays européens qui n'ont jamais participé à la Coupe du monde de football - Statistiques

Statistiques générales
  • Ce quiz a été pris 9 347 fois
    9 336 depuis la dernière actualisation
  • Le résultat moyen est 13 sur 18
Statistiques - réponses
Population Pays % Correct
85 580 Andorre
83%
1 313 271 Estonie
82%
32 793 Saint-Marin
82%
921 Vatican
82%
590 667 Luxembourg
81%
2 939 431 Lituanie
80%
2 001 468 Lettonie
78%
5 491 054 Finlande
77%
37 308 Monaco
77%
9 589 689 Biélorussie
73%
446 547 Malte
72%
3 029 278 Albanie
71%
36 925 Liechtenstein
70%
1 820 631 Kosovo
69%
2 082 370 Macédoine
68%
661 807 Monténégro
67%
3 656 843 Moldavie
65%
337 610 Islande
57%
Aucun quiz correspondant
Distribution des résultats
% des personnes avec chaque résultat
Percentile par nombre de réponses
Votre historique - résultats
Vous n’avez pas pris ce quiz depuis la dernière actualisation